00281 a2200097 450000100060000004000220000624000670002824500620009536200090015765000170016668161 cAnchieta - Pituba10aI Seminário Internacional da Pedagogia da Alternâncialpor10aI Seminário Internacional da Pedagogia da Alternância0 a1999 4aEducação